000 00681nam a2200181Ia 4500
005 20250423100305.0
008 250422s9999 xx 000 0 und d
020 _a9781783474349
050 _aHC 130.T4 .N38/
100 _aEdited by Gabriel Dutrenit and Judith Sutz
245 0 _aNational innovation systems, social inclusion and development : the Latin American experience
260 _aCheltenham
260 _bEdward Eigar Publishing Limited
260 _c2014
300 _a428 p
650 _a Technological innovations--Economic aspects--Latin America. Economic development--Latin America. Latin America--Economic policy. Latin America--Social policy.
942 _cBK
999 _c32858
_d32858